[Event "BL2-West 1920"]
[Site "Germany"]
[Date "2020.03.01"]
[Round "7.3"]
[White "Popovic, Petar"]
[Black "Suvorov, Alexander David"]
[Result "1-0"]
[WhiteElo "2427"]
[BlackElo "2320"]
[PlyCount "95"]
[EventDate "2019.09.19"]
[EventType "team-tourn"]
[EventRounds "9"]
[EventCountry "GER"]
[SourceTitle "EXT 2023"]
[Source "ChessBase"]
[SourceDate "2022.10.05"]
[SourceVersion "1"]
[SourceVersionDate "2022.10.05"]
[SourceQuality "1"]
[WhiteTeam "Remagen Sinzig"]
[BlackTeam "Koeln Porz"]
[WhiteTeamCountry "GER"]
[BlackTeamCountry "GER"]

1. e4 c5 2. Nf3 e6 3. d4 cxd4 4. Nxd4 Nc6 5. Nc3 Qc7 6. g3 a6 7. Bg2 Nf6 8. 0-0 Be7 9. Re1 d6 10. Nxc6 bxc6 11. e5 dxe5 12. Rxe5 Nd7 13. Re1 0-0 14. Qe2 Bb7 15. Bf4 Qc8 16. Rad1 c5 17. Ne4 Re8 18. Bd6 Bxe4 19. Qxe4 Ra7 20. Bf4 Nb6 21. c4 Rd7 22. Rxd7 Qxd7 23. b3 a5 24. Bf3 a4 25. Rd1 Qc8 26. Qc6 Qxc6 27. Bxc6 Rc8 28. Bb7 Rf8 29. Bc7 axb3 30. axb3 Nc8 31. Rd7 Bf6 32. Kg2 Re8 33. Ba5 Bb2 34. Bd8 Bf6 35. Bxf6 gxf6 36. Ba6 Nb6 37. Rc7 Ra8 38. Rxc5 Rxa6 39. Rc6 Kf8 40. c5 Ke7 41. Rxb6 Rxb6 42. cxb6 Kd6 43. Kh3 Kc6 44. Kg4 Kxb6 45. Kh5 Kc5 46. Kh6 e5 47. Kxh7 e4 48. Kg7 1-0

[Event "BL2-West 1819"]
[Site "Germany"]
[Date "2018.12.16"]
[Round "4.3"]
[White "Zwirs, Nico"]
[Black "Popovic, Petar"]
[Result "1/2-1/2"]
[WhiteElo "2414"]
[BlackElo "2445"]
[PlyCount "129"]
[EventDate "2018.11.21"]
[EventType "team-tourn"]
[EventRounds "9"]
[EventCountry "GER"]
[SourceTitle "CBM 190 Extra"]
[Source "ChessBase"]
[SourceDate "2019.07.15"]
[SourceVersion "1"]
[SourceVersionDate "2019.07.15"]
[SourceQuality "1"]
[WhiteTeam "Muelheim Nord II"]
[BlackTeam "Remagen Sinzig"]
[WhiteTeamCountry "GER"]
[BlackTeamCountry "GER"]

1. e4 g6 2. d4 Bg7 3. Nc3 d6 4. g3 Nc6 5. Be3 Nf6 6. h3 e5 7. dxe5 Nxe5 8. f4 Nc6 9. Bg2 0-0 10. Nge2 Be6 11. Qd2 Bc4 12. 0-0 Re8 13. Rf2 Bxe2 14. Rxe2 Nd7 15. Rd1 Nb6 16. b3 f5 17. exf5 gxf5 18. Rde1 Qd7 19. Nb5 a6 20. Bxb6 Rxe2 21. Rxe2 axb5 22. Bf2 Kf8 23. c3 Re8 24. Rxe8+ Kxe8 25. Qe2+ Ne7 26. c4 bxc4 27. bxc4 c6 28. Qh5+ Kf8 29. Qxh7 Qe6 30. Bf1 d5 31. cxd5 Qxd5 32. a3 Bd4 33. Qh6+ Kg8 34. Qh5 Bxf2+ 35. Kxf2 Qc5+ 36. Kg2 b5 37. Qf3 Nd5 38. Kh2 Ne3 39. Bg2 Nxg2 40. Kxg2 Qc2+ 41. Kf1 Qc1+ 42. Kf2 Qc2+ 43. Qe2 Qc5+ 44. Kg2 Qd5+ 45. Kf2 Qc5+ 46. Qe3 Qc2+ 47. Ke1 Qb1+ 48. Ke2 Qa2+ 49. Kf3 Qd5+ 50. Kf2 Qa2+ 51. Qe2 Qxa3 52. Qe6+ Kg7 53. Qd7+ Kg8 54. Qxc6 b4 55. Qe8+ Kg7 56. Qe7+ Kg8 57. Qe6+ Kg7 58. Qe7+ Kg8 59. Qg5+ Kh8 60. Qxf5 Kg8 61. Qg6+ Kh8 62. Qh6+ Kg8 63. Qe6+ Kg7 64. Qe7+ Kg8 65. Qe8+ 1/2-1/2

[Event "BL2-West 1819"]
[Site "Germany"]
[Date "2018.11.25"]
[Round "3.3"]
[White "Popovic, Petar"]
[Black "Vandenbussche, Thibaut"]
[Result "1/2-1/2"]
[WhiteElo "2445"]
[BlackElo "2420"]
[PlyCount "46"]
[EventDate "2018.11.21"]
[EventType "team-tourn"]
[EventRounds "9"]
[EventCountry "GER"]
[SourceTitle "CBM 190 Extra"]
[Source "ChessBase"]
[SourceDate "2019.07.15"]
[SourceVersion "1"]
[SourceVersionDate "2019.07.15"]
[SourceQuality "1"]
[WhiteTeam "Remagen Sinzig"]
[BlackTeam "Aachen SV"]
[WhiteTeamCountry "GER"]
[BlackTeamCountry "GER"]

1. e4 e6 2. d4 d5 3. Nd2 dxe4 4. Nxe4 Bd7 5. Nf3 Bc6 6. Bd3 Nd7 7. 0-0 Ngf6 8. Ned2 Be7 9. c3 0-0 10. Qe2 Bd5 11. c4 Bxf3 12. Nxf3 c5 13. Rd1 Qc7 14. h3 Rad8 15. Be3 Rfe8 16. Bc2 Bd6 17. Ba4 Rf8 18. Rac1 Bf4 19. dxc5 Nxc5 20. Bc2 a5 21. Bxf4 Qxf4 22. g3 Qc7 23. Qe3 Qb6 1/2-1/2

[Event "SRB-chT"]
[Site "Ruma"]
[Date "2017.09.03"]
[Round "3.6"]
[White "Popovic, Petar"]
[Black "Ivic, Velimir"]
[Result "1-0"]
[WhiteElo "2446"]
[BlackElo "2394"]
[PlyCount "89"]
[EventDate "2017.09.01"]
[EventType "team-tourn"]
[EventRounds "11"]
[EventCountry "SRB"]
[SourceTitle "CBM 180 Extra"]
[Source "ChessBase"]
[SourceDate "2017.10.06"]
[SourceVersion "1"]
[SourceVersionDate "2017.10.06"]
[SourceQuality "1"]
[WhiteTeam "Novi Sad CC"]
[BlackTeam "Valjevo Sveti Nikolaj"]
[WhiteTeamCountry "SRB"]
[BlackTeamCountry "SRB"]

1. e4 c5 2. Nf3 e6 3. d4 cxd4 4. Nxd4 Nf6 5. Nc3 d6 6. g3 Be7 7. Bg2 0-0 8. 0-0 Nc6 9. Nce2 e5 10. Nb5 h6 11. h3 a6 12. Nbc3 b5 13. Be3 Qc7 14. a3 Bb7 15. g4 Rfd8 16. Qd2 Rac8 17. Rfc1 Nb8 18. a4 b4 19. Nd5 Nxd5 20. exd5 Qa5 21. c3 bxc3 22. Nxc3 Nd7 23. b4 Qc7 24. Nb5 Qb8 25. Na7 Rxc1+ 26. Rxc1 Re8 27. Nc6 Qa8 28. Bf3 Bg5 29. Bxg5 hxg5 30. Qxg5 Nf6 31. Qd2 Bc8 32. Bg2 Qb7 33. Na5 Qb8 34. Rc6 Nd7 35. Nc4 Bb7 36. Nxd6 Bxc6 37. dxc6 Re6 38. Nxf7 Nf6 39. Ng5 Re7 40. Ne4 Nxe4 41. Bxe4 Kh8 42. b5 axb5 43. axb5 Rf7 44. Qd5 Rf4 45. c7 1-0

[Event "BL2-West 1516"]
[Site "Germany"]
[Date "2016.03.13"]
[Round "8.6"]
[White "Kevlishvili, Robby"]
[Black "Popovic, Petar"]
[Result "1/2-1/2"]
[WhiteElo "2339"]
[BlackElo "2449"]
[PlyCount "53"]
[EventDate "2015.09.20"]
[EventType "team-tourn"]
[EventRounds "9"]
[EventCountry "GER"]
[SourceTitle "EXT 2017"]
[Source "ChessBase"]
[SourceDate "2016.10.25"]
[SourceVersion "1"]
[SourceVersionDate "2016.10.25"]
[SourceQuality "1"]
[WhiteTeam "Katernberg"]
[BlackTeam "Aachen DJK"]
[WhiteTeamCountry "GER"]
[BlackTeamCountry "GER"]

1. e4 c5 2. Nf3 d6 3. d4 cxd4 4. Nxd4 Nf6 5. Nc3 Nc6 6. Bg5 Qb6 7. Bxf6 gxf6 8. Nb3 e6 9. Qd2 a6 10. 0-0-0 Bd7 11. f4 0-0-0 12. Be2 Rg8 13. Bh5 Rg7 14. Rhf1 Kb8 15. Rf3 Bc8 16. Kb1 Qc7 17. Qf2 Be7 18. g3 b5 19. Rfd3 Bb7 20. Bf3 Rc8 21. a4 b4 22. Ne2 Rgg8 23. Ned4 Nxd4 24. Rxd4 a5 25. Nc1 Qc6 26. b3 Qb6 27. R4d2 1/2-1/2

[Event "BEL-chT 1415"]
[Site "Belgium"]
[Date "2014.11.02"]
[Round "3.2"]
[White "Bok, Benjamin"]
[Black "Popovic, Petar"]
[Result "1/2-1/2"]
[WhiteElo "2590"]
[BlackElo "2467"]
[PlyCount "56"]
[EventDate "2014.09.28"]
[EventType "team-swiss"]
[EventRounds "11"]
[EventCountry "BEL"]
[SourceTitle "EXT 2015"]
[Source "ChessBase"]
[SourceDate "2014.11.20"]
[SourceVersion "1"]
[SourceVersionDate "2014.11.20"]
[SourceQuality "1"]
[WhiteTeam "Amay"]
[BlackTeam "Wirtzfeld"]
[WhiteTeamCountry "BEL"]
[BlackTeamCountry "BEL"]

1. e4 c5 2. Nf3 d6 3. d4 cxd4 4. Nxd4 Nf6 5. Nc3 a6 6. Be3 e5 7. Nf3 Be7 8. Bc4 0-0 9. 0-0 Be6 10. Bb3 Qc7 11. Nh4 g6 12. Bh6 Re8 13. Qd2 Kh8 14. Nf3 Bc4 15. Ng5 Kg8 16. Qd3 b5 17. Qf3 Bd8 18. Bxc4 bxc4 19. Qe2 Nbd7 20. Nf3 Rb8 21. Rab1 Qc6 22. Rfd1 Bb6 23. Nd5 Nxd5 24. exd5 Qc7 25. Nd2 Rbc8 26. Ne4 f5 27. Ng5 Nf6 28. h3 Qb7 1/2-1/2

[Event "BEL-chT 1314"]
[Site "Belgium"]
[Date "2013.10.13"]
[Round "3.3"]
[White "Vandenbussche, Thibaut"]
[Black "Popovic, Petar"]
[Result "1/2-1/2"]
[WhiteElo "2392"]
[BlackElo "2458"]
[PlyCount "62"]
[EventDate "2013.09.22"]
[EventType "team-tourn"]
[EventRounds "11"]
[EventCountry "BEL"]
[SourceTitle "CBM 156 Extra"]
[Source "ChessBase"]
[SourceDate "2013.10.22"]
[SourceVersion "1"]
[SourceVersionDate "2013.10.22"]
[SourceQuality "1"]
[WhiteTeam "KGSRL"]
[BlackTeam "Wirtzfeld"]
[WhiteTeamCountry "BEL"]
[BlackTeamCountry "BEL"]

1. e4 c5 2. Nf3 d6 3. d4 cxd4 4. Nxd4 Nf6 5. Nc3 a6 6. h3 e5 7. Nde2 h5 8. Bg5 Be7 9. Ng3 g6 10. Bc4 Be6 11. Bb3 Nbd7 12. Qf3 Rc8 13. 0-0-0 b5 14. Kb1 Qc7 15. a3 Qb6 16. Nge2 b4 17. axb4 Qxb4 18. Bxf6 Nxf6 19. Bxe6 fxe6 20. g4 h4 21. g5 Nd7 22. Nc1 a5 23. N1a2 Qb7 24. Qg4 Nc5 25. Ka1 a4 26. Rhf1 Rb8 27. Rb1 Ra8 28. Rbd1 Rb8 29. Rb1 Qa6 30. f4 exf4 31. Rxf4 Rh5 1/2-1/2

[Event "BEL-ch"]
[Site "Lommel"]
[Date "2012.07.07"]
[Round "8"]
[White "Popovic, Petar"]
[Black "Hovhannisyan, Mher"]
[Result "0-1"]
[WhiteElo "2481"]
[BlackElo "2492"]
[PlyCount "154"]
[EventDate "2012.06.30"]
[EventType "tourn"]
[EventRounds "9"]
[EventCountry "BEL"]
[EventCategory "8"]
[SourceTitle "CBM 149 Extra"]
[Source "ChessBase"]
[SourceDate "2012.08.24"]
[SourceVersion "1"]
[SourceVersionDate "2012.08.24"]
[SourceQuality "1"]

1. e4 e6 2. d4 d5 3. Nd2 Nf6 4. e5 Nfd7 5. c3 c5 6. Bd3 Nc6 7. Ne2 cxd4 8. cxd4 f6 9. exf6 Nxf6 10. Nf3 Bd6 11. 0-0 0-0 12. Bf4 Bxf4 13. Nxf4 Ng4 14. Qd2 Qd6 15. g3 e5 16. dxe5 Ngxe5 17. Nxe5 Nxe5 18. Be4 d4 19. Rad1 Bf5 20. Bxb7 Rad8 21. b3 d3 22. h4 Bg4 23. Rde1 Ng6 24. Nxg6 hxg6 25. Re3 Be2 26. Rc1 Qf6 27. Rxe2 dxe2 28. Qxe2 Qb6 29. Bf3 Rd6 30. Kg2 Kh8 31. Rc2 Qa5 32. Qe7 Rdf6 33. Rc7 R6f7 34. Qxf7 Rxf7 35. Rxf7 Kg8 36. Rb7 Qxa2 37. Bd5+ Kh7 38. Be4 Qa6 39. h5 Kh6 40. hxg6 Qe6 41. Rb4 a5 42. Rc4 Qb6 43. Bc2 Kg5 44. Rf4 Kh6 45. Kh2 Qc5 46. Be4 Qb4 47. Bd5 Qc5 48. Rf5 Kxg6 49. g4 Qc7+ 50. Kg2 Kh6 51. Be4 g6 52. Rf6 Kg5 53. Rxg6+ Kf4 54. Rc6 Qb8 55. Bf3 Qa7 56. Rd6 Ke5 57. Rd5+ Ke6 58. Rf5 Qb6 59. Bd5+ Ke7 60. g5 Qd4 61. Bf3 Qb4 62. Re5+ Kf7 63. Bd5+ Kg6 64. Be4+ Kg7 65. f3 Qd4 66. Rd5 Qc3 67. Rd7+ Kf8 68. g6 Qxb3 69. Rb7 Qa2+ 70. Kg3 Qe6 71. Ra7 Qe5+ 72. Kg4 Qe6+ 73. Bf5 Qc4+ 74. Kg5 Qc1+ 75. Kf6 Qc3+ 76. Ke6 Qe3+ 77. Kf6 Qxa7 0-1